000 00627cab a2200205 4500
001 ABS41031
008 090401t1989 xxu||||| |||| 00| 0 eng d
035 _a(Sirsi) u27679
041 _aeng
100 _aVan den Bos, J.
245 _aSelling the centre of Europe
260 _c1989
350 _a0
490 _aWorld Property
_v3(6) June 1989, 33-40(5)
520 _aExplores the property markets of the Benelux countries, Belgium , Luxembourg and Netherlands including a review of business parks and analysis of Swedish interests.
650 _aSWEDEN
690 _aOVERSEAS
942 _n0
948 _c04/03/1997
999 _c18639
_d18639